Gestión del estrés: cómo vencer los obstáculos y mejorar su actitud y calidad de vida
Kaydedildi:
| Yazar: | |
|---|---|
| Materyal Türü: | Kitap |
| Dil: | İspanyolca |
| Baskı/Yayın Bilgisi: |
Barcelona
Gestión 2000
2005
|
| Konular: | |
| Etiketler: |
Etiketle
Etiket eklenmemiş, İlk siz ekleyin!
|
MARC
| LEADER | 00000nam a2200000 a 4500 | ||
|---|---|---|---|
| 001 | UCJ2193 | ||
| 003 | CL-VaPUC | ||
| 008 | 061201e20050000SP |||||||||||||||||spa|d | ||
| 020 | |a 8496426394 | ||
| 082 | 0 | 4 | |a 155.9042 |b BAR |2 21 |
| 100 | 0 | |a Barlow, Janelle M |e author |9 503111 | |
| 245 | 1 | 0 | |a Gestión del estrés: cómo vencer los obstáculos y mejorar su actitud y calidad de vida |
| 300 | |a 209 p | ||
| 942 | |c BK | ||
| 945 | |d 20061201 00:00:00 |a cmena | ||
| 260 | |a Barcelona |b Gestión 2000 |c 2005 | ||
| 650 | 7 | |a STRESS |2 CL-VaPUC |9 311386 | |
| 650 | 0 | |a Salud mental |9 308393 | |
| 650 | 0 | |a Psicopatología |9 307473 | |
| 583 | |a last modification |c 20061201 00:00:00 |k Rodrigo Vera | ||
| 999 | |c 318543 |d 318541 | ||
| 952 | |0 0 |1 0 |4 0 |6 155_904200000000000_BAR_2005 |7 0 |8 A |9 396385 |a BIBEDU |b BIBEDU |d 2019-11-22 |i 4303806 |o 155.9042 BAR 2005 |p 4303806 |r 2019-11-22 |w 2019-11-22 |y BK |k EBA | ||
| 952 | |0 0 |1 0 |4 0 |6 155_904200000000000_BAR_2005 |7 0 |8 A |9 396386 |a BIBEDU |b BIBEDU |d 2019-11-22 |i 4511050 |o 155.9042 BAR 2005 |p 4511050 |r 2019-11-22 |w 2019-11-22 |y BK |k EPE | ||